000 01600cam a2200229 4500
001 L130096
008 050621n2005 000 0 eng u
020 _a0110726855
035 _a(Sirsi) u130096
041 _aeng
245 4 _aThe Hazardous Waste (England and Wales) Regulations 2005
260 _aLondon
_bTSO
_c2005
490 _aSI
_v2005:894
520 _aSet out the regime for the control and tracking of the movement of hazardous waste for the purpose of implementing the hazardous waste directive (Directive 91/689/EC). Extends to England and Wales although the only provisions applying to Wales are modifications to the Environmental Protection Act 1990 contained in Part XI of the regulations. Repeal the Special Waste Regulations 1996 replacing the term special waste with hazardous waste. Parts I-III define hazardous waste and set out how the regulations apply to that waste. Other parts cover: the ban on mixing hazardous waste; notification of the removal of hazardous waste; movement of hazardous waste; records and returns; the requisite bodies; emergencies and grave danger; enforcement; amendments to other legislation; and transitional provisions.
590 _aIKA040705
650 _aHAZARDOUS WASTE (ENGLAND AND WALES) REGULATIONS 2005
650 _aENVIRONMENTAL PROTECTION ACT 1990
650 _aSPECIAL WASTE REGULATIONS 1996
690 _aENVIRONMENTAL AND LAND CONSULTANCY-WASTE MANAGEMENT-HAZARDOUS WASTE TREATMENT
856 _uhttps://www.legislation.gov.uk/uksi/2005/894/contents/made
_zView the Regulations at www.legislation.gov.uk...
942 _n0
999 _c104348
_d104348